Normal view
MARC view
- مطاوع،إبراهيم حكمت/سلطان،محمود السيد م.مشارك/طمان،الحسانين إسماعيل م.مشارك/شعبان،عبد العظيم
Entry Personal Name
001 - CONTROL NUMBER
- control field: 7550
003 - CONTROL NUMBER IDENTIFIER
- control field: JO-AjAnu
005 - DATE AND TIME OF LATEST TRANSACTION
- control field: 20230606071524.0
008 - FIXED-LENGTH DATA ELEMENTS
- fixed length control field: 230606|| aca||aabn | a|a d
040 ## - CATALOGING SOURCE
- Original cataloging agency: JO-AjAnu
- Transcribing agency: JO-AjAnu
100 ## - HEADING--PERSONAL NAME
- Personal name: مطاوع،إبراهيم حكمت/سلطان،محمود السيد م.مشارك/طمان،الحسانين إسماعيل م.مشارك/شعبان،عبد العظيم
670 ## - SOURCE DATA FOUND
- Source citation: Work cat.: (JO-AjAnu)3904: مطاوع،إبراهيم حكمت/سلطان،محمود السيد م.مشارك/طمان،الحسانين إسماعيل م.مشارك/شعبان،عبد العظيم , author, المدخل للعلوم التربوية